04284nam a2200481Ia 4500008004100000020001800041082001900059100002500078245017400103250001200277260003500289300001700324650002800341650002300369650004200392700002000434700002100454700002000475942001700495999001700512952013100529952013000660952014300790952014300933952014301076952014301219952014301362952014301505952014301648952014501791952014501936952016002081952014502241952014502386952014502531952016002676952016002836952016002996952016303156952016303319952016003482952016003642220501s2014 xx 000 0 eng d a9789353167103 a658.4032 HIL-I aHillier, Frederick S 0aIntroduction to management science :ba modeling and case studies approach with spreadsheets /cFrederick S. Hillier, Mark S. Hillier, Karl Schmedders and Molly Stephens a5th ed. aChennai :bMcGraw Hill,c2014. axx, 618 p. ; aElectronic spreadsheets aManagement science aOperations research - Data processing aHillier, Mark S aSchmedders, Karl aStephens, Molly 2ddccREF012 c18462d18462 00102ddc4070aSOBDbSOBDd2022-05-05eVedi Bookso658.4032 HIL-I1p001049r2022-07-01t1w2022-04-14yREFkVEDI/22-23/04/07 00102ddc4070aSOBDbSOBDd2022-05-05eVedi Bookso658.4032 HIL-I2p001050r2022-07-01t2w2022-04-14yBKkVEDI/22-23/04/07 00102ddc4070aSOBDbSOBDd2023-05-15eVedi BooksfINRg915.00o658.4032 HIL-I3p002974r2023-05-15t3w2023-04-17yBKkVEDI/23-24/04/10 00102ddc4070aSOBDbSOBDd2023-05-15eVedi BooksfINRg915.00o658.4032 HIL-I4p002975r2023-05-15t4w2023-04-17yBKkVEDI/23-24/04/10 00102ddc4070aSOBDbSOBDd2023-05-15eVedi BooksfINRg915.00o658.4032 HIL-I5p002976r2023-05-15t5w2023-04-17yBKkVEDI/23-24/04/10 00102ddc4070aSOBDbSOBDd2023-05-15eVedi BooksfINRg915.00o658.4032 HIL-I6p002977r2023-05-15t6w2023-04-17yBKkVEDI/23-24/04/10 00102ddc4070aSOBDbSOBDd2023-05-15eVedi BooksfINRg915.00o658.4032 HIL-I7p002978r2023-05-15t7w2023-04-17yBKkVEDI/23-24/04/10 00102ddc4070aSOBDbSOBDd2023-05-15eVedi BooksfINRg915.00o658.4032 HIL-I8p002979r2023-05-15t8w2023-04-17yBKkVEDI/23-24/04/10 00102ddc4070aSOBDbSOBDd2023-05-15eVedi BooksfINRg915.00o658.4032 HIL-I9p002980r2023-05-15t9w2023-04-17yBKkVEDI/23-24/04/10 00102ddc4070aSOBDbSOBDd2023-05-15eVedi BooksfINRg915.00o658.4032 HIL-I10p002981r2023-05-15t10w2023-04-17yBKkVEDI/23-24/04/10 00102ddc4070aSOBDbSOBDd2023-05-15eVedi BooksfINRg915.00o658.4032 HIL-I11p002982r2023-05-15t11w2023-04-17yBKkVEDI/23-24/04/10 00102ddc4070aSOBDbSOBDd2023-05-15eVedi BooksfINRg915.00l3o658.4032 HIL-I12p002983r2025-11-22s2025-11-12t12w2023-04-17yBKkVEDI/23-24/04/10 00102ddc4070aSOBDbSOBDd2023-05-15eVedi BooksfINRg915.00o658.4032 HIL-I13p002984r2023-05-15t13w2023-04-17yBKkVEDI/23-24/04/10 00102ddc4070aSOBDbSOBDd2023-05-15eVedi BooksfINRg915.00o658.4032 HIL-I14p002985r2023-05-15t14w2023-04-17yBKkVEDI/23-24/04/10 00102ddc4070aSOBDbSOBDd2023-05-15eVedi BooksfINRg915.00o658.4032 HIL-I15p002986r2024-03-30t15w2023-04-17yBKkVEDI/23-24/04/10 00102ddc4070aSOBDbSOBDd2023-05-15eVedi BooksfINRg915.00l1o658.4032 HIL-I16p002987r2024-04-10s2024-03-28t16w2023-04-17yBKkVEDI/23-24/04/10 00102ddc4070aSOBDbSOBDd2023-05-15eVedi BooksfINRg915.00l1o658.4032 HIL-I17p002988r2024-04-10s2024-03-27t17w2023-04-17yBKkVEDI/23-24/04/10 00102ddc4070aSOBDbSOBDd2023-05-15eVedi BooksfINRg915.00l1o658.4032 HIL-I18p002989r2024-04-08s2024-03-27t18w2023-04-17yBKkVEDI/23-24/04/10 00102ddc4070aSOBDbSOBDd2023-05-15eVedi BooksfINRg915.00l2m2o658.4032 HIL-I19p002990r2024-09-25s2024-09-25t19w2023-04-17yBKkVEDI/23-24/04/10 00102ddc4070aSOBDbSOBDd2023-05-15eVedi BooksfINRg915.00l1m2o658.4032 HIL-I20p002991r2024-04-10s2024-02-27t20w2023-04-17yBKkVEDI/23-24/04/10 00102ddc4070aSOBDbSOBDd2023-05-15eVedi BooksfINRg915.00l1o658.4032 HIL-I21p002992r2024-04-08s2024-03-12t21w2023-04-17yBKkVEDI/23-24/04/10 00102ddc4070aSOBDbSOBDd2023-05-15eVedi BooksfINRg915.00l2o658.4032 HIL-I22p002993r2024-04-10s2024-03-26t22w2023-04-17yBKkVEDI/23-24/04/10